Discurso pronunciado por don Andrés Bello en la instalación de la Universidad de Chile el 17 de Septiembre de 1843
Salvato in:
| Natura: | Libro |
|---|---|
| Lingua: | spagnolo |
| Pubblicazione: |
Santiago
Universidad de Chile
1965
|
| Soggetti: | |
| Tags: |
Aggiungi Tag
Nessun Tag, puoi essere il primo ad aggiungerne!!
|
MARC
| LEADER | 00000nam a2200000 a 4500 | ||
|---|---|---|---|
| 001 | UCZ6732 | ||
| 003 | CL-VaPUC | ||
| 005 | 20230602085635.0 | ||
| 008 | 951215e19650000CL |||||||||||||||||spa|d | ||
| 999 | |c 242911 |d 242909 | ||
| 040 | |c Pontificia Universidad Católica de Valparaíso | ||
| 082 | 0 | 4 | |a 378.483 |b DIS |2 21 |
| 245 | 1 | 0 | |a Discurso pronunciado por don Andrés Bello en la instalación de la Universidad de Chile el 17 de Septiembre de 1843 |
| 246 | 1 | 0 | |a Discurso del rector de la Universidad de Chile, don Eugenio González Rojas, en la ceremonia conmemorativa del centenario de la muerte de don Andrés Bello |
| 260 | |a Santiago |b Universidad de Chile |c 1965 | ||
| 300 | |a 34 p | ||
| 583 | |a last modification |c 19951215 00:00:00 |k Rodrigo Vera | ||
| 600 | 0 | |a Universidad de Chile |9 257231 | |
| 600 | 0 | 7 | |a BELLO, ANDRES |2 CL-VaPUC |9 351218 |
| 600 | 0 | 7 | |a GONZALEZ ROJAS, EUGENIO |2 CL-VaPUC |9 351219 |
| 650 | 0 | |a Universidades |9 256317 | |
| 650 | 0 | |a Discursos |9 265028 | |
| 650 | 0 | |a Administradores de la enseñanza |9 351212 | |
| 650 | 0 | |a Educación superior |9 223851 | |
| 942 | |c BK |2 ddc | ||
| 945 | |d 19951215 00:00:00 |a cmena | ||
| 952 | |0 0 |1 0 |4 0 |6 378_483000000000000_DIS_1965 |7 0 |8 P |9 256235 |a BIBEDU |b BIBEDU |c BIBEDU_PB |d 2019-11-19 |i 1608053 |o 378.483 DIS 1965 |p 1608053 |r 2019-11-19 |w 2019-11-19 |y BK |k EDU | ||